Bulked segregant screening for RAPD markers linked to a disease-resistance gene transferred from Hordeum bulbosum into cultivated barley (Record no. 55014)

MARC details
000 -LEADER
fixed length control field 00473nam a2200157Ia 4500
100 ## - MAIN ENTRY--AUTHOR NAME
Personal name Xu J
245 #0 - TITLE STATEMENT
Title Bulked segregant screening for RAPD markers linked to a disease-resistance gene transferred from Hordeum bulbosum into cultivated barley
260 ## - PUBLICATION, DISTRIBUTION, ETC. (IMPRINT)
Name of publisher Barley Genetics Newsletter
Year of publication 1992
300 ## - PHYSICAL DESCRIPTION
Number of Pages 83-84
500 ## - GENERAL NOTE
General note Source Year: 1994
650 ## - SUBJECT ADDED ENTRY--TOPICAL TERM
Topical Term RAPD
700 ## - ADDED ENTRY--PERSONAL NAME
Personal name Kasha K J
856 ## - ELECTRONIC LOCATION AND ACCESS
Uniform Resource Identifier PBA
942 ## - ADDED ENTRY ELEMENTS (KOHA)
Koha item type Journals
Holdings
Withdrawn status Lost status Damaged status Not for loan Home library Current library Date acquired Serial Enumeration / chronology Koha item type
      Journals RRII Library RRII Library 17/12/2021 Volume 21, Issue Journals